| 000 | 02238nam a2200553 i 4500 | ||
|---|---|---|---|
| 001 | 1890 | ||
| 003 | KOSZ 005 | ||
| 005 | 20221024135716.0 | ||
| 008 | 220318s1983 pl a f 001 0 pol | ||
| 015 | _aPB 1983/6947 | ||
| 035 | _a991009960359705066 | ||
| 035 | _a(PL-WaBN)b12718531-48omnis_nlop | ||
| 035 | _ab12718531 | ||
| 035 | _a(OCoLC)69626376 | ||
| 035 | _a(PL)b0000001271853 | ||
| 035 | _a(EXLNZ-48OMNIS_NETWORK)9910501793605606 | ||
| 040 |
_aWA N _cWA N _dKOSZ 005/RW |
||
| 046 | _k1983 | ||
| 080 | _a69 | ||
| 080 | _a624 | ||
| 080 | _a(083.1) | ||
| 245 | 0 | 0 |
_aPoradnik inżyniera i technika budowlanego. _nT. 3, _pMechanika budowli / _cautorzy Otton Dabrowski, Tadeusz Kalendowicz ; [recenzenci: prof. dr inż. Zbigniew Kączkowski, dr inż. Andrzej Kociołek, doc. dr inż. Andrzej Gomuliński] ; Polski Związek Inżynierów i Techników Budownictwa. |
| 250 | _aWydanie 3 zmienione. | ||
| 260 |
_aWarszawa : _b"Arkady", _c1983. |
||
| 300 |
_a454, [2] strony : _brysunki, wykresy ; _c21 cm. |
||
| 336 |
_aTekst _btxt _2rdacontent |
||
| 337 |
_aBez urządzenia pośredniczącego _bn _2rdamedia |
||
| 338 |
_aWolumin _bnc _2rdacarrier |
||
| 380 | _aKsiążki | ||
| 380 | _aPublikacje fachowe | ||
| 388 | 1 | _a1901-2000 | |
| 388 | 1 | _a1945-1989 | |
| 504 | _aBibliografia na stronach [267]-268. Indeks. | ||
| 521 | 8 | _aPoradnik jest przeznaczony przede wszystkim dla inżynierów i techników zajmujących się projektowaniem konstrukcji budowlanych. | |
| 650 | 7 |
_aBudownictwo _2DBN |
|
| 650 | 7 | _aMechanika budowli | |
| 655 | 7 |
_aPoradnik _2DBN |
|
| 658 | _aArchitektura i budownictwo | ||
| 700 | 1 |
_aDąbrowski, Otton _d(1922-2016) _eAutor |
|
| 700 | 1 |
_aKalendowicz, Tadeusz _eAutor |
|
| 700 | 1 |
_aKociołek, Andrzej _eRecenzja |
|
| 700 | 1 |
_aGomuliński, Andrzej _d(1936-2008) _eRecenzja |
|
| 700 | 1 |
_aKączkowski, Zbigniew _d(1921-2018) _eRecenzja |
|
| 710 | 2 | _aPolski Związek Inżynierów i Techników Budownictwa | |
| 710 | 2 |
_aWydawnictwo Arkady _4pbl |
|
| 856 |
_uhttp://koha.tu.koszalin.pl/cgi-bin/koha/opac-detail.pl?biblionumber=1890 _yKatalog online BPK |
||
| 942 |
_2UKD _cKS |
||
| 999 |
_c1890 _d1890 |
||